000 00925nam a2200277 i 4500
003 DO-SdBNP
005 20250513095517.0
007 ta
008 250225s201u dr 000 0 spa d
020 _a9789945464016
040 _aDO-SdBNP
_bspa
_cBNPHU
_erda
041 _aspa
082 4 _axxxx
_bK57
_222
100 _aKipling, Rudyard,
_d1865-1936
_eautor
_4aut.
_939351
245 1 3 _aEl libro de la selva /
_cRudyard Kipling ; traducción, Carlos José Restrepo
264 1 _a[Santo Domingo] :
_bFundación Diario Libre:
_bSecretaría de Estado de Educación,
_c[2009].
300 _a221 páginas :
_c22 cm.
336 _atexto
_btxt
_2rdacontent
337 _asin mediación
_bn
_2rdamedia
338 _avolumen
_bnc
_2rdacarrier
500 _aProyecto Pasaporte de Lectura.
590 _aInventariado, 2025/ YL
700 1 _aRestrepo, Carlos José,
_etraductor
_4tr.
_972997
910 _aYLockward
942 _2ddc
_cLBS1
999 _c58215
_d58215